logo

Bir Sreshtho Munshi Abdur Rouf Library
Jhenaidah Cadet College

The other side of me / (Record no. 804)

MARC details
000 -LEADER
fixed length control field 00610nam a2200229 a 4500
003 - CONTROL NUMBER IDENTIFIER
JCCL marc code BD-JhCC
005 - DATE AND TIME OF LATEST TRANSACTION
control field 20230508170143.0
008 - FIXED-LENGTH DATA ELEMENTS--GENERAL INFORMATION
fixed length control field 230506s1993 eng |||| ||a| 001 0 eng d
020 ## - INTERNATIONAL STANDARD BOOK NUMBER
International Standard Book Number 9780007228003
035 ## - SYSTEM CONTROL NUMBER
system control number (BD-JhCC)804
040 ## - CATALOGING SOURCE
Original cataloging agency BD-JhCC
Modifying agency BD-JhCC
041 ## - LANGUAGE CODE
Language code of Book eng
082 ## - DEWEY DECIMAL CLASSIFICATION NUMBER
Classification number 813.54
Author mark and Year SHD 2005
100 ## - MAIN ENTRY--PERSONAL NAME
Personal name Sheldon, Sidney
245 ## - TITLE STATEMENT
Title The other side of me /
Statement of responsibility, etc Sidney Sheldon
260 ## - PUBLICATION, DISTRIBUTION, ETC. (IMPRINT)
Place of publication, distribution, etc New Delhi :
Name of publisher, distributor, etc Harper collins Pubsishers,
Date of publication, distribution, etc 2005
300 ## - PHYSICAL DESCRIPTION
Pagination 368 p. :
Other physical details ill. ;
Dimensions 18 cm.
504 ## - BIBLIOGRAPHY, ETC. NOTE
Bibliography, etc Includes index.
650 ## - SUBJECT ADDED ENTRY--TOPICAL TERM
Topical term or geographic name as entry element English Fiction
Geographic subdivision Bangladesh
942 ## - ADDED ENTRY ELEMENTS (KOHA)
Source of classification or shelving scheme Dewey Decimal Classification
Koha item type Books
Holdings
Source of classification or shelving scheme Damaged status Not for loan Home library Current library Shelving location Date of accession Total Checkouts Full call number Barcode Date last seen Date checked out Copy number Method of acquisition Koha item type Currency Cost, normal purchase price
Dewey Decimal Classification     JCC Rouf Library JCC Rouf Library General Stacks 05/06/2023 10 813.54 SHD 2005 17612 01/19/2025 11/04/2024 C-1 Gift/Donation Books BDT  
Dewey Decimal Classification     JCC Rouf Library JCC Rouf Library General Stacks 05/08/2023 11 813.54 SHD 2020 17672 10/06/2025 01/21/2025 C-2 Purchase Books BDT 400.00

JCC Library | Contacts | JCC Home

Last Update on 23 September 2017
Copyright @ 2017-2020 JCC Rouf Library
Rouf Library, Jhenidah Cadet College (JCC), Bangladesh